Разработка программы «Расписание» на языке Python; Прогрессивные технологии и экономика в машиностроении

التفاصيل البيبلوغرافية
Parent link:Прогрессивные технологии и экономика в машиностроении.— 2023.— [С. 128-130]
المؤلف الرئيسي: Пинжин К. А.
مؤلف مشترك: Национальный исследовательский Томский политехнический университет Юргинский технологический институт
مؤلفون آخرون: Разумников С. В. Сергей Викторович (научный руководитель)
الملخص:Заглавие с экрана
В качестве темы для статьи была выбрана формирование приложения «Расписание». Универсальность этой темы заключается в том, что на вчерашний день человек не может все вспомнить то, что ему надо сделать во время дня, а дополнение ему с этим пособит. Программа «Расписание» - это программа, которая содержит видеоинформацию о делах человека на денёк или на другой не определённый срок. Пользователям требуются комфортное подпрограмма, которая будет мгновенно использоваться для создания плана и задействовать его по значению.
The formation of the Schedule application was chosen as the topic for the article. The universality of this topic lies in the fact that for yesterday a person cannot remember everything that he needs to do during the day, and the supplement will help him with this. The Schedule program is a program that contains video information about a person's affairs for a day or for another unspecified period. Users need a comfortable routine that will be instantly used to create a plan and use it by value.
اللغة:الروسية
منشور في: 2023
سلاسل:Информационные технологии, экономика, управление
الموضوعات:
الوصول للمادة أونلاين:http://earchive.tpu.ru/handle/11683/76146
التنسيق: MixedMaterials الكتروني فصل الكتاب
KOHA link:https://koha.lib.tpu.ru/cgi-bin/koha/opac-detail.pl?biblionumber=635632

MARC

LEADER 00000naa2a2200000 4500
001 635632
005 20231218174707.0
035 |a (RuTPU)RU\TPU\conf\37489 
035 |a RU\TPU\conf\37486 
090 |a 635632 
100 |a 20230512d2023 k y0rusy50 ca 
101 0 |a rus 
102 |a RU 
105 |a y z 101zy 
135 |a drgn ---uucaa 
181 0 |a i  
182 0 |a b 
200 1 |a Разработка программы «Расписание» на языке Python  |f К. А. Пинжин  |g науч. рук. С. В. Разумников 
203 |a Текст  |c электронный 
225 1 |a Информационные технологии, экономика, управление 
300 |a Заглавие с экрана 
320 |a [Библиогр.: с. 130 (6 назв.)] 
330 |a В качестве темы для статьи была выбрана формирование приложения «Расписание». Универсальность этой темы заключается в том, что на вчерашний день человек не может все вспомнить то, что ему надо сделать во время дня, а дополнение ему с этим пособит. Программа «Расписание» - это программа, которая содержит видеоинформацию о делах человека на денёк или на другой не определённый срок. Пользователям требуются комфортное подпрограмма, которая будет мгновенно использоваться для создания плана и задействовать его по значению. 
330 |a The formation of the Schedule application was chosen as the topic for the article. The universality of this topic lies in the fact that for yesterday a person cannot remember everything that he needs to do during the day, and the supplement will help him with this. The Schedule program is a program that contains video information about a person's affairs for a day or for another unspecified period. Users need a comfortable routine that will be instantly used to create a plan and use it by value. 
463 0 |0 (RuTPU)RU\TPU\conf\37447  |t Прогрессивные технологии и экономика в машиностроении  |o сборник трудов XIV Всероссийской научно-практической конференции для студентов и учащейся молодежи, 6-8 апреля 2023 г., Юрга  |f Национальный исследовательский Томский политехнический университет (ТПУ), Юргинский технологический институт (ЮТИ) ; под ред. С. А. Солодского  |v [С. 128-130]  |d 2023 
610 1 |a электронный ресурс 
610 1 |a труды учёных ТПУ 
610 1 |a виджеты 
610 1 |a алгоритмы 
610 1 |a программы 
610 1 |a расписание 
610 1 |a методы 
610 1 |a блок-схемы 
610 1 |a функции 
610 1 |a Python 
610 1 |a tkinter 
610 1 |a algorithm 
610 1 |a scheduler 
610 1 |a medot 
610 1 |a flowchart 
610 1 |a development 
610 1 |a function 
700 1 |a Пинжин  |b К. А. 
702 1 |a Разумников  |b С. В.  |c специалист в области информатики и вычислительной техники  |c доцент Юргинского технологического института (филиала) Томского политехнического университета, кандидат технических наук  |f 1988-  |g Сергей Викторович  |4 727 
712 0 2 |a Национальный исследовательский Томский политехнический университет  |b Юргинский технологический институт  |c (2009- )  |3 (RuTPU)RU\TPU\col\15903 
801 2 |a RU  |b 63413507  |c 20230615  |g RCR 
856 4 |u http://earchive.tpu.ru/handle/11683/76146 
942 |c BK